000 00737nam a2200217 a 4500
001 63756
003 BD-RjUL
005 20211209081229.0
008 170204s1964 ii 000 0 eng d
035 _a(BD-RjUL)63886
040 _aBD-RjUL
_cBD-RjUL
_beng
041 _aeng
082 _a891.2
_223
_bHAT 1964
100 0 _aHarṣavardhana
_dactive 606-647.
_9189262
245 1 0 _aṢri Harṣa's plays :
_bTranslatd into English with full Sanskrit text /
_cHarṣavardhana, translated by Bak Kun Bae
260 _a[New Delhi]
_bIndian Council for Cultural Relation;
_aNew York,
_bAsia Pub. House
_cC1964
300 _a514 p.
_c25 cm.
650 _aSanskrit Literatures.
_9189263
700 1 _aBak, Kun Bae,
_etr.
_9189264
942 _2ddc
_cBK
999 _c63756
_d63756